| 000 | 00550nam a2200169Ia 4500 | ||
|---|---|---|---|
| 003 | LK-CoDNM | ||
| 008 | 140723t2021 xxu||||| |||| 00| 1 sin d | ||
| 020 |
_a _a9786245785063 |
||
| 040 |
_aLK-CoDNM _dLK-CoDNM _eLK-CoDNM |
||
| 041 | _asin | ||
| 080 |
_a781 _bSAN |
||
| 245 | _aසංගීතවිද්යා සංකතන | ||
| 246 | _aSangeethawidana Sankathana | ||
| 260 |
_bWapa University Press _aColombo _c2021 |
||
| 700 |
_aකෝලිත භානු දිසනායක _eed. _yKolitha Banu Dissanyaka Chiltas Dayawansa |
||
| 942 | _cBK | ||
| 999 |
_c79982 _d79982 |
||